One Piece :tout les personnage apparaissant dans l'arc East Blue - Statistiques

Statistiques générales
  • Ce quiz a été pris 314 fois
    160 depuis la dernière actualisation
  • Le résultat moyen est 43 sur 60
Statistiques - réponses
Indices Personnage % Correct
Voleuse de pirates Nami
99%
Chasseur de prime Roronoa Zoro
99%
Tant qu'il y aura des Hommes qui aspirerontà donner un sens au mot liberté...
rien ni personne ne pourra les arrêter.
Gol D Roger
98%
Un garçon de Fushia Monkey D Luffy
98%
Chef des pirates Shanks le Roux
98%
Capitaine de l'équipage au nez rouge Baggy
97%
Un menteur Usopp
97%
Le fils du colonel Hermep
95%
Femme pirate Alvida
94%
Homme à tout faire Kobby
93%
Colonel de la marine Morgan
91%
Ancien chef de l'équipage du chat noir Kuro
90%
Second de cuisine du "Baratie" Sanji
88%
Propriétaire du navire restaurant "Baratie" Zeff
88%
Homme-poisson de la famille du requin-scie Arlong
87%
Tenancière du bar Makino
87%
Excellent Tireur Yasopp
85%
Homme qui avance à reculons Jango
84%
Propriétaire du manoir Kaya
83%
"Le plus grand sabreur que ce monde ait connu" Mihawk
83%
Sergent-chef de la marine Tashigi
82%
Mère adoptive de Nami Belmer
81%
Veut dire guerre en allemand Don Krieg
81%
Vice-amiral de l'éqipage de Don Krieg Gyn
81%
Homme-poisson de famille du poulpe Octy
81%
Colonel de la marine Smoker
81%
Un garçon de sirop Carotte
79%
Habitant de l'île des animaux rares Gaimon
79%
Majordome fidele Merry
79%
Un garçon de sirop Oignon
79%
Demi-soeur de Nami Nojiko
78%
Vice-capitaine de l'équipage de shanks Ben Beckmann
77%
L'homme à la viande de l'équipage de shanks Lucky Roo
77%
Chien de la boutique "Pet food" Chouchou
74%
Sabreuse Kuina
74%
N°2 de la bande à Baggy, chef d'état-major Cabaji
73%
Chasseur de prime Johnny
72%
Un garçon de sirop Piment
72%
Lieutenant de la marine Fullbody
71%
Fauve de l'équipage au nez rouge Richie
70%
Vice-captaine de l'équipage au nez rouge Morge
69%
La vache des mers Meuh-meuh
68%
Chasseur de prime Yosaku
68%
Capitaine du 2eme bataillon de l'armada de Krieg Pearl
64%
Homme-poisson de la famille du sillaginidae Smack
64%
Chef des brigands Higuma
63%
"Rien ni personne ne peux empêcher un homme deprendre la mer." Monkey D Dragon
63%
Habitant du village de Cocoyashi Genzo
59%
Cuisinier sur le "Baratie" Patty
56%
Homme-poisson de la famille de la raie Kuroobi
53%
16eme régiment de la marine Nezumi
49%
Gardien du bateau "Chat noir" Sham
48%
Gardien du bateau "Chat noir" Buchi
45%
Cuistot du "Baratie" Carne
43%
Petite fille Rika
39%
Maire de la ville Boodle
35%
Contre-amiral du 77eme régiment de la marine Pudding
26%
Patron d'une boutique de sabre Ipponmatsu
23%
Jeune garçon de la ville de Gosa Chabo
13%
Répare la porte du bar à Fushia Minatomo
4%
Aucun quiz correspondant
Distribution des résultats
% des personnes avec chaque résultat
Percentile par nombre de réponses
Votre historique - résultats
Vous n’avez pas pris ce quiz depuis la dernière actualisation